000 00504nam a2200169 a 4500
001 000004062
005 20200929150704.0
008 090716s2006 cu a r 001 0 spa d
020 _a9590504353
040 _aDO-SdBNP
_bspa
_cBNPHU
082 _axxx
_bC894c
100 1 _aCué Vargas, Felipe
_912118
245 1 0 _aAlfamétodo :
_bcurso de dactilografía /
_cFelipe Cué Vargas.
260 _aLa Habana, Cuba :
_bCientífico-Técnico,
_c2006.
300 _a53 p. :
_bil. ;
_c22 cm.
500 _aIncluye índice
999 _c3881
_d3881